000 00269nam a22001217a 4500
008 180220b xxu||||| |||| 00| 0 eng d
041 _aeng
080 _a038
100 _a23
101 _aENC
245 _aFunk& wagnalls new encyclopedia
_cBram,L.L
942 _2udc
_cBK
999 _c42936
_d42936